Statistics for Chelsea Premier League Players

Click here to take the quiz!

General Stats

  • This quiz has been taken 5,526 times
    (1,691 since last reset)
  • The average score is 91 of 279

Answer Stats

The Blues% Correct
Frank Lampard
90%
Demba Ba
89%
Didier Drogba
89%
John Terry
89%
Petr Čech
89%
Ashley Cole
85%
Carlton Cole
84%
Joe Cole
84%
Thiago Silva
84%
Eden Hazard
83%
Kepa Arrizabalaga
83%
Reece James
83%
Raheem Sterling
81%
Ben Chilwell
78%
N'Golo Kanté
78%
Kai Havertz
77%
Édouard Mendy
76%
Mason Mount
76%
César Azpilicueta
74%
Enzo Fernández
72%
Diego Costa
71%
Fernando Torres
71%
Mykhailo Mudryk
71%
Willian
71%
David Luiz
70%
Gary Cahill
70%
Romelu Lukaku
69%
Thibaut Courtois
69%
Gianfranco Zola
68%
Jorginho
67%
Michael Essien
67%
Robert Sánchez
67%
Cesc Fàbregas
66%
Cole Palmer
66%
Oscar
66%
Branislav Ivanović
65%
Kevin De Bruyne
65%
Mohamed Salah
65%
Nicolas Jackson
65%
Conor Gallagher
64%
Moisés Caicedo
64%
Antonio Rüdiger
63%
Juan Mata
63%
Nicolas Anelka
63%
Ricardo Carvalho
63%
Timo Werner
63%
Joe Allon
62%
Marcos Alonso
62%
Michael Ballack
62%
Mateo Kovačić
60%
Christian Pulisic
59%
Marc Cucurella
59%
Arjen Robben
58%
John Obi Mikel
58%
Nemanja Matić
58%
Pedro
58%
Ramires
58%
Tammy Abraham
58%
Axel Disasi
57%
Andriy Shevchenko
56%
Claude Makélélé
56%
Salomon Kalou
56%
Florent Malouda
55%
Olivier Giroud
53%
Benoît Badiashile
52%
Malo Gusto
52%
Ruben Loftus-Cheek
52%
Trevoh Chalobah
52%
Álvaro Morata
51%
Andreas Christensen
51%
Nathaniel Chalobah
51%
Victor Moses
51%
Levi Colwill
50%
David Datro Fofana
49%
Noni Madueke
49%
Wesley Fofana
49%
José Bosingwa
48%
William Gallas
48%
Armando Broja
47%
Hakim Ziyech
47%
Kurt Zouma
47%
Alex
46%
Jimmy Floyd Hasselbaink
46%
Marcel Desailly
46%
Samuel Eto'o
46%
Danny Drinkwater
45%
Callum Hudson-Odoi
44%
Ruud Gullit
44%
Damien Duff
43%
Willy Caballero
43%
Carlo Cudicini
42%
Gonzalo Higuaín
42%
Hernán Crespo
42%
Paulo Ferreira
42%
Eiður Guðjohnsen
41%
Fikayo Tomori
41%
Kalidou Koulibaly
41%
Daniel Sturridge
40%
Deco
40%
Dennis Wise
40%
Gianluca Vialli
40%
Ross Barkley
40%
Ryan Bertrand
40%
André Schürrle
39%
Glen Johnson
39%
Filipe Luís
38%
Radamel Falcao
37%
Wayne Bridge
37%
Davide Zappacosta
36%
Gareth Hall
36%
Jimmy Smith
36%
Lewis Hall
36%
Nathan Aké
36%
Pierre-Emerick Aubameyang
36%
Roberto Di Matteo
36%
Raúl Meireles
35%
Tiémoué Bakayoko
35%
Vinnie Jones
35%
Carney Chukwuemeka
33%
Juan Sebastián Verón
32%
Shaun Wright-Phillips
32%
Tore André Flo
32%
João Félix
31%
Yossi Benayoun
31%
Emmanuel Petit
30%
Gustavo Poyet
30%
Ian Maatsen
30%
Mark Hughes
30%
Paul Hughes
30%
Asmir Begović
29%
Billy Gilmour
29%
Yuriy Zhirkov
29%
Graeme Le Saux
28%
Michy Batshuayi
28%
Alexandre Pato
27%
Celestine Babayaro
27%
Didier Deschamps
27%
Frank Leboeuf
27%
Juan Cuadrado
27%
Mark Schwarzer
27%
Ed de Goey
26%
Hilário
26%
Lesley Ugochukwu
26%
Malang Sarr
26%
Mateja Kežman
26%
Robert Huth
26%
Tiago
26%
Adrian Mutu
25%
Loïc Rémy
25%
Paul Parker
25%
Scott Parker
25%
Marco van Ginkel
24%
Asier del Horno
23%
Emerson Palmieri
23%
Frank Sinclair
23%
Geremi
23%
Marko Marin
23%
Ricardo Quaresma
23%
Scott Sinclair
23%
Albert Ferrer
22%
Lucas Piazón
22%
Dan Petrescu
21%
Juliano Belletti
21%
Kenedy
21%
Steve Clarke
21%
Baba Rahman
20%
Jesper Grønkjær
20%
Jody Morris
20%
Lassana Diarra
20%
Ola Aina
20%
Denis Zakaria
19%
Ethan Ampadu
19%
Jérémie Boga
19%
Oriol Romeu
19%
Bertrand Traoré
18%
Boudewijn Zenden
18%
Charly Musonda
18%
George Weah
18%
Omari Hutchinson
18%
Sam Hutchinson
18%
Steven Sidwell
18%
Ross Turnbull
17%
Saúl Ñíguez
17%
Tariq Lamptey
17%
Chris Sutton
16%
Matt Miazga
16%
Tal Ben Haim
16%
Claudio Pizarro
15%
Mario Melchiot
15%
David Lee
14%
Eddie Newton
14%
Franco Di Santo
14%
Gaël Kakuta
14%
Glenn Hoddle
14%
John Spencer
14%
Josh McEachran
14%
Maniche
14%
Tino Anjorin
14%
Tomáš Kalas
14%
Aleksey Smertin
13%
Erland Johnsen
13%
Fabio Borini
13%
Khalid Boulahrouz
13%
Mark Bosnich
13%
Mikael Forssell
13%
Patrick van Aanholt
13%
Dmitriy Kharine
12%
Jeffrey Bruma
12%
Mark Stein
12%
Marco Ambrosio
11%
Michael Duberry
11%
Winston Bogarde
11%
Andy Townsend
10%
Ben Sahar
10%
Brian Laudrup
10%
Gabriele Ambrosetti
10%
Gavin Peacock
10%
Mario Stanić
10%
Craig Burley
9%
Dave Beasant
9%
Kevin Hitchcock
9%
Pierluigi Casiraghi
9%
Anthony Grant
8%
Jiří Jarošík
8%
Michael Mancienne
8%
Slaviša Jokanović
8%
Alexis Nicolas
7%
Christian Panucci
7%
Graham Stuart
7%
Jake Clarke-Salter
7%
Neil Sullivan
7%
Paul Elliott
7%
Samuele Dalla Bona
7%
Andy Myers
6%
Anthony Barness
6%
David Rocastle
6%
Emerson Thome
6%
Frode Grodås
6%
Graham Rix
6%
Jon Harley
6%
Mason Burstow
6%
Nigel Spackman
6%
Robert Fleck
6%
Bernard Lambourde
5%
Bjarne Goldbæk
5%
Damian Matthew
5%
Danny Granville
5%
Enrique de Lucas
5%
Mark Nicholls
5%
Mick Harford
5%
Mineiro
5%
Miroslav Stoch
5%
Paul Furlong
5%
Rati Aleksidze
5%
Scott Minto
5%
Steven Watt
5%
Tony Cascarino
5%
Andy Dow
4%
Craig Forrest
4%
Darren Barnard
4%
David Hopkin
4%
Filipe Oliveira
4%
Jes Høgh
4%
John Swift
4%
Lenny Pidgeley
4%
Neil Clement
4%
Nuno Morais
4%
Terry Phelan
4%
Ian Pearce
3%
Jakob Kjeldbjerg
3%
Laurent Charvet
3%
Mal Donaghy
3%
Neil Shipperley
3%
Nick Colgan
3%
Nick Crittenden
3%
Robert Wolleaston
3%
Steve Livingstone
3%
Joe Keenan
2%
Joe Sheerin
2%

Score Distribution

Percentile by Number Answered

Percent of People with Each Score

Your Score History

You have not taken this quiz since the last reset